logo

Bir Sreshtho Munshi Abdur Rouf Library
Jhenaidah Cadet College

Jane Eyre / (Record no. 6732)

MARC details
000 -LEADER
fixed length control field 00844nam a2200289 a 4500
001 - CONTROL NUMBER
JCCL Control Number 6732
003 - CONTROL NUMBER IDENTIFIER
JCCL marc code BD-JhCC
005 - DATE AND TIME OF LATEST TRANSACTION
control field 20180129104619.0
008 - FIXED-LENGTH DATA ELEMENTS--GENERAL INFORMATION
fixed length control field 180129s1969 enkah b 000 1 eng d
020 ## - INTERNATIONAL STANDARD BOOK NUMBER
International Standard Book Number 0198114907
035 ## - SYSTEM CONTROL NUMBER
system control number (BD-JhCC)6732
040 ## - CATALOGING SOURCE
Original cataloging agency BD-JhCC
Transcribing agency BUF
Modifying agency BD-JhCC
041 ## - LANGUAGE CODE
Language code of Book eng
050 00 - LIBRARY OF CONGRESS CALL NUMBER
Classification number PZ3.B790
Item number J77
Classification number PR4167.J3
082 ## - DEWEY DECIMAL CLASSIFICATION NUMBER
Classification number 823.4
Author mark and Year BRO 1978
100 1# - MAIN ENTRY--PERSONAL NAME
Personal name Brontë, Charlotte,
Dates associated with a name 1816-1855.
245 10 - TITLE STATEMENT
Title Jane Eyre /
Statement of responsibility, etc Charlotte Brontë ; edited by Jane Jack and Margaret Smith.
260 ## - PUBLICATION, DISTRIBUTION, ETC. (IMPRINT)
Place of publication, distribution, etc Oxford :
Name of publisher, distributor, etc Clarendon Press,
Date of publication, distribution, etc 1969.
300 ## - PHYSICAL DESCRIPTION
Pagination 159 p. :
Other physical details ill. ;
Dimensions 20 cm.
504 ## - BIBLIOGRAPHY, ETC. NOTE
Bibliography, etc Bibliography: p. [viii]
650 ## - SUBJECT ADDED ENTRY--TOPICAL TERM
Topical term or geographic name as entry element Governesses
Geographic subdivision England
700 1# - ADDED ENTRY--PERSONAL NAME
Personal name Jack, Jane.
700 1# - ADDED ENTRY--PERSONAL NAME
Personal name Smith, Margaret,
Dates associated with a name 1931-
830 #0 - SERIES ADDED ENTRY--UNIFORM TITLE
Uniform title Clarendon edition of the novels of the Brontës
942 ## - ADDED ENTRY ELEMENTS (KOHA)
Source of classification or shelving scheme Dewey Decimal Classification
Koha item type Books
Holdings
Source of classification or shelving scheme Damaged status Not for loan Home library Current library Shelving location Date of accession Total Checkouts Full call number Barcode Date last seen Copy number Koha item type
Dewey Decimal Classification     JCC Rouf Library JCC Rouf Library General Stacks 01/29/2018   823.4 BRO 1978 9266 01/29/2018 C - 1 Books

JCC Library | Contacts | JCC Home

Last Update on 23 September 2017
Copyright @ 2017-2020 JCC Rouf Library
Rouf Library, Jhenidah Cadet College (JCC), Bangladesh